LIBRARY & INFORMATION CENTRE, KCAET, TAVANUR

ONLINE PUBLIC ACCESS CATALOGUE (OPAC)

Two blades of grass : Summary of two studies on agricultural innovation in India / (Record no. 1695)

MARC details
000 -LEADER
fixed length control field 00526cam a2200181ua 4500
041 ## - LANGUAGE CODE
Language code of text/sound track or separate title eng
082 ## - DEWEY DECIMAL CLASSIFICATION NUMBER
Classification number 306.349
Item number ROY/TW
100 ## - MAIN ENTRY--AUTHOR NAME
Personal name Roy, Prodipto .
245 ## - TITLE STATEMENT
Title Two blades of grass : Summary of two studies on agricultural innovation in India /
260 ## - PUBLICATION, DISTRIBUTION, ETC. (IMPRINT)
Place of publication Hyderabad :
Name of publisher National Institute of Community Development ,
Year of publication 1968.
300 ## - PHYSICAL DESCRIPTION
Number of Pages 40 ; .
700 1# - ADDED ENTRY--PERSONAL NAME
Personal name Kivlin, Joseph .
942 ## - ADDED ENTRY ELEMENTS (KOHA)
Koha item type Books
Holdings
Withdrawn status Lost status Damaged status Home library Current library Date acquired Full call number Accession Number Koha item type
      KAUAET KAUAET 07/04/2012 306.349 13078 Books
free website counter